[Event "Titled Tuesday 2019.06.04"]
[Site "Chess.com INT"]
[Date "2019.06.04"]
[Round "6"]
[White "Tashkov, Rumen"]
[Black "Golubka, Petro"]
[Result "1/2-1/2"]
[WhiteElo "2236"]
[BlackElo "2498"]
[WhiteFideId "-1"]
[BlackFideId "-1"]
[PlyCount "118"]
[GameId "1515679646707712"]
[EventDate "2019.06.04"]
[EventType "swiss (blitz)"]
[EventRounds "10"]
[EventCountry "NET"]
[SourceTitle "EXT 2021"]
[Source "ChessBase"]
[SourceDate "2020.10.23"]
[SourceVersion "1"]
[SourceVersionDate "2020.10.23"]
[SourceQuality "1"]

1. d4 Nf6 2. c4 e6 3. g3 Be7 4. Nf3 O-O 5. Bg2 d5 6. O-O c5 7. dxc5 Bxc5 8. Qc2 b6 9. a3 Bb7 10. b4 Be7 11. Bb2 Nbd7 12. Nbd2 a5 13. Qb3 axb4 14. axb4 dxc4 15. Nxc4 b5 16. Na5 Bd5 17. Qa3 Nb6 18. Ne5 Nc4 19. Nexc4 bxc4 20. Qc3 Rb8 21. Bxd5 Qxd5 22. Qxc4 Qh5 23. Nc6 Rb7 24. Nxe7+ Rxe7 25. Bxf6 gxf6 26. b5 Rb7 27. Rfb1 Rfb8 28. Ra5 Qf5 29. e4 Qf3 30. Ra2 Kg7 31. Rab2 Rb6 32. Rb3 Qg4 33. Kg2 Qg5 34. Qe2 Kh8 35. h4 Qe5 36. Qf3 Kg7 37. Qg4+ Kh8 38. Qf4 Qd4 39. Rb4 Qc3 40. R1b3 Qa1 41. Rb2 Kg7 42. h5 h6 43. e5 f5 44. g4 fxg4 45. Qxg4+ Kh8 46. Qg3 Rg8 47. Rg4 Rxg4 48. Qxg4 Qxb2 49. Qf4 Kg7 50. Qf6+ Kg8 51. Qd8+ Kh7 52. Qxb6 Qxe5 53. Qb7 Qg5+ 54. Kf1 Qxh5 55. b6 Qd1+ 56. Kg2 Qg4+ 57. Kf1 Qd1+ 58. Kg2 Qg4+ 59. Kf1 Qd1+ 1/2-1/2

[Event "Titled Tuesday 2019.06.04"]
[Site "Chess.com INT"]
[Date "2019.06.04"]
[Round "7"]
[White "Golubka, Petro"]
[Black "Atanasov, Anthony"]
[Result "1-0"]
[WhiteElo "2498"]
[BlackElo "1892"]
[WhiteFideId "-1"]
[BlackFideId "-1"]
[PlyCount "85"]
[GameId "1515679647191040"]
[EventDate "2019.06.04"]
[EventType "swiss (blitz)"]
[EventRounds "10"]
[EventCountry "NET"]
[SourceTitle "EXT 2021"]
[Source "ChessBase"]
[SourceDate "2020.10.23"]
[SourceVersion "1"]
[SourceVersionDate "2020.10.23"]
[SourceQuality "1"]

1. d4 Nf6 2. c4 g6 3. Nc3 d5 4. cxd5 Nxd5 5. e4 Nxc3 6. bxc3 Bg7 7. Bc4 O-O 8. Ne2 c5 9. Be3 Nc6 10. O-O Qc7 11. Bb3 Rd8 12. Rc1 b6 13. d5 Na5 14. c4 Nb7 15. f4 e5 16. h3 Nd6 17. Ng3 Qe7 18. Qf3 f6 19. Rce1 Rf8 20. h4 h5 21. f5 Qf7 22. Bc1 Qe8 23. Bc2 Nxc4 24. Qf2 Nd6 25. Bd1 Ba6 26. fxg6 Bxf1 27. Rxf1 Qxg6 28. Bxh5 Qh7 29. Qf3 Bh6 30. Qg4+ Kh8 31. Bg6 Qg7 32. Nh5 Bxc1 33. Nxg7 Be3+ 34. Kh2 Kxg7 35. Rf3 Bf4+ 36. g3 Bd2 37. Bh5+ Kh8 38. Qe6 Nxe4 39. Bg6 f5 40. Rxf5 Rxf5 41. Bxf5 Nc3 42. Qf7 Nxd5 43. Qh7# 1-0

[Event "Titled Tuesday 2019.06.04"]
[Site "Chess.com INT"]
[Date "2019.06.04"]
[Round "8"]
[White "Golubka, Petro"]
[Black "Burke, Paul1"]
[Result "1-0"]
[WhiteElo "2498"]
[BlackElo "1843"]
[WhiteFideId "-1"]
[BlackFideId "-1"]
[PlyCount "71"]
[GameId "1515679647604736"]
[EventDate "2019.06.04"]
[EventType "swiss (blitz)"]
[EventRounds "10"]
[EventCountry "NET"]
[SourceTitle "EXT 2021"]
[Source "ChessBase"]
[SourceDate "2020.10.23"]
[SourceVersion "1"]
[SourceVersionDate "2020.10.23"]
[SourceQuality "1"]

1. d4 Nf6 2. c4 c5 3. Nc3 e6 4. d5 exd5 5. cxd5 d6 6. e4 g6 7. Nf3 Bg7 8. Be2 O-O 9. O-O Na6 10. Nd2 Nc7 11. Ba6 Nxa6 12. Re1 Nc7 13. a4 b6 14. h3 a6 15. Qc2 Bd7 16. Nc4 Bxa4 17. Nxa4 b5 18. Nab6 Rb8 19. Bf4 bxc4 20. Nxc4 Nfe8 21. Red1 Rb4 22. Bd2 Rb8 23. Bc3 f5 24. e5 dxe5 25. d6 Nb5 26. Bxe5 Bxe5 27. Nxe5 Nexd6 28. Nc6 Qb6 29. Nxb8 Rxb8 30. b4 cxb4 31. Qb3+ Kg7 32. Qxb4 Ne4 33. Qe7+ Kg8 34. Rd7 Qxf2+ 35. Kh1 Ng3+ 36. Kh2 1-0

[Event "Titled Tuesday 2019.06.04"]
[Site "Chess.com INT"]
[Date "2019.06.04"]
[Round "9"]
[White "Seul, Georg"]
[Black "Golubka, Petro"]
[Result "1/2-1/2"]
[WhiteElo "2422"]
[BlackElo "2498"]
[WhiteFideId "-1"]
[BlackFideId "-1"]
[PlyCount "66"]
[GameId "1515679648206848"]
[EventDate "2019.06.04"]
[EventType "swiss (blitz)"]
[EventRounds "10"]
[EventCountry "NET"]
[SourceTitle "EXT 2021"]
[Source "ChessBase"]
[SourceDate "2020.10.23"]
[SourceVersion "1"]
[SourceVersionDate "2020.10.23"]
[SourceQuality "1"]

1. e4 e5 2. Nc3 Nc6 3. Bc4 Nf6 4. d3 Bb4 5. Nge2 d5 6. exd5 Nxd5 7. a3 Bxc3+ 8. Nxc3 Nxc3 9. bxc3 O-O 10. O-O Na5 11. Ba2 Qd6 12. f4 Be6 13. fxe5 Qxe5 14. Bxe6 fxe6 15. Bd2 c5 16. Qg4 c4 17. d4 Qd6 18. Bf4 Qd7 19. Rae1 Rf5 20. Bg3 Nc6 21. Rxf5 exf5 22. Qe2 Qd5 23. a4 Rf8 24. Bf4 h6 25. h4 Rd8 26. h5 Kf7 27. Rb1 b6 28. Rb5 Qe6 29. Qf3 Qe1+ 30. Kh2 Qh4+ 31. Kg1 Qe1+ 32. Kh2 Qh4+ 33. Kg1 Qe1+ 1/2-1/2

[Event "Llucmajor op"]
[Site "Llucmajor ESP"]
[Date "2019.05.20"]
[Round "3.7"]
[White "Naumkin, Igor"]
[Black "Golubka, Petro"]
[Result "1/2-1/2"]
[WhiteElo "2382"]
[BlackElo "2498"]
[WhiteFideId "-1"]
[BlackFideId "-1"]
[PlyCount "112"]
[GameId "2130307609023204"]
[EventDate "2019.05.19"]
[EventType "swiss"]
[EventRounds "9"]
[EventCountry "ESP"]
[SourceTitle "10Days #580"]
[Source "ChessMix"]
[SourceDate "2019.06.01"]
[SourceVersion "1"]
[SourceVersionDate "2019.06.01"]
[SourceQuality "1"]

1. d4 Nf6 2. c4 c5 3. d5 e6 4. Nc3 exd5 5. cxd5 Bd6 6. Nf3 O-O 7. g3 Bc7 8. d6 Ba5 9. Bg2 Ne4 10. Qd3 Bxc3+ 11. bxc3 Qf6 12. O-O Re8 13. Nh4 c4 14. Qxc4 Qxc3 15. Qxc3 Nxc3 16. Bb2 Na4 17. Ba3 Nc6 18. Nf5 a5 19. Rac1 Ra6 20. Rfd1 g6 21. Ne7+ Kg7 22. e3 Nxe7 23. dxe7 Re6 24. Bd5 b5 25. Bxe6 fxe6 26. Bd6 Kf7 27. Rd4 g5 28. h4 h6 29. hxg5 hxg5 30. Rg4 Nb2 31. Rxg5 Nc4 32. Rxc4 bxc4 33. Rc5 Ba6 34. Rxa5 Bb7 35. Kf1 Bf3 36. Rc5 Rh8 37. e8=Q+ Rxe8 38. Rxc4 Bd5 39. Rf4+ Kg6 40. a3 e5 41. Rg4+ Kf5 42. Rb4 Bf3 43. Ke1 Rh8 44. Kd2 Rh6 45. g4+ Ke6 46. Bb8 Rh2 47. e4 Bxg4 48. Rb6+ Kf7 49. Bxe5 Rxf2+ 50. Kc3 Rf3+ 51. Kb4 Be6 52. Rd6 Rb3+ 53. Ka4 Re3 54. Rd4 d5 55. Bf4 Rxe4 56. Rxe4 dxe4 1/2-1/2

[Event "Llucmajor op"]
[Site "Llucmajor ESP"]
[Date "2019.05.22"]
[Round "5.3"]
[White "Bernadskiy, Vitaliy"]
[Black "Golubka, Petro"]
[Result "1-0"]
[WhiteElo "2572"]
[BlackElo "2498"]
[WhiteFideId "-1"]
[BlackFideId "-1"]
[PlyCount "55"]
[GameId "2130307609023213"]
[EventDate "2019.05.19"]
[EventType "swiss"]
[EventRounds "9"]
[EventCountry "ESP"]
[SourceTitle "10Days #580"]
[Source "ChessMix"]
[SourceDate "2019.06.01"]
[SourceVersion "1"]
[SourceVersionDate "2019.06.01"]
[SourceQuality "1"]

1. d4 d5 2. Nf3 e6 3. c4 c5 4. cxd5 exd5 5. g3 Nc6 6. Bg2 Nf6 7. O-O Be7 8. Nc3 O-O 9. Bg5 cxd4 10. Nxd4 h6 11. Be3 Re8 12. Qb3 Na5 13. Qc2 Bg4 14. Rad1 Rc8 15. h3 Be6 16. Nxe6 fxe6 17. Qg6 Kf8 18. Bxh6 gxh6 19. e4 Nc4 20. exd5 e5 21. Ne4 Nd6 22. f4 Qb6+ 23. Kh2 Ndxe4 24. fxe5 Rc2 25. e6 Rxg2+ 26. Kxg2 Qxb2+ 27. Kh1 Nd6 28. Qh7 1-0

[Event "Titled Tuesday 2019.05.07"]
[Site "Chess.com INT"]
[Date "2019.05.07"]
[Round "2"]
[White "Durarbayli, Vasif"]
[Black "Golubka, Petro"]
[Result "1-0"]
[WhiteElo "2623"]
[BlackElo "2498"]
[WhiteFideId "-1"]
[BlackFideId "-1"]
[PlyCount "111"]
[GameId "1515679521931264"]
[EventDate "2019.05.07"]
[EventType "swiss (blitz)"]
[EventRounds "10"]
[EventCountry "NET"]
[SourceTitle "EXT 2021"]
[Source "ChessBase"]
[SourceDate "2020.10.23"]
[SourceVersion "1"]
[SourceVersionDate "2020.10.23"]
[SourceQuality "1"]

1. e4 c5 2. Nf3 e6 3. d4 cxd4 4. Nxd4 a6 5. c4 Nc6 6. Nc3 Qc7 7. Be2 Nf6 8. Be3 Bb4 9. f3 d5 10. Nxc6 bxc6 11. O-O Bd6 12. Kh1 dxe4 13. Nxe4 Nxe4 14. fxe4 Bxh2 15. Bc5 Be5 16. Qd2 f6 17. Rad1 Kf7 18. Bh5+ g6 19. Bg4 h5 20. Bh3 Kg7 21. Bd6 Bxd6 22. Qxd6 Qxd6 23. Rxd6 f5 24. exf5 exf5 25. Rxc6 Ra7 26. Rd1 Bd7 27. Rcd6 Be8 28. c5 Rc7 29. b4 a5 30. a3 axb4 31. axb4 Rf8 32. g3 f4 33. g4 Ba4 34. Rg1 Bc6+ 35. Kh2 Re8 36. Bf1 hxg4 37. Rxg4 Rh8+ 38. Kg1 Rh1+ 39. Kf2 Rh2+ 40. Kg1 Rh1+ 41. Kf2 Rh2+ 42. Kg1 Rh1+ 43. Kf2 Rh2+ 44. Bg2 Be4 45. Kg1 Rxg2+ 46. Rxg2 Bxg2 47. Kxg2 g5 48. c6 Re7 49. b5 g4 50. Rd7 Kf6 51. c7 Re2+ 52. Kf1 Rc2 53. b6 g3 54. Rd2 Rc1+ 55. Kg2 Kg5 56. b7 1-0

[Event "Titled Tuesday 2019.05.07"]
[Site "Chess.com INT"]
[Date "2019.05.07"]
[Round "3"]
[White "Golubka, Petro"]
[Black "Manukian, Artak"]
[Result "1-0"]
[WhiteElo "2498"]
[BlackElo "2196"]
[WhiteFideId "-1"]
[BlackFideId "-1"]
[PlyCount "85"]
[GameId "1515679522344960"]
[EventDate "2019.05.07"]
[EventType "swiss (blitz)"]
[EventRounds "10"]
[EventCountry "NET"]
[SourceTitle "EXT 2021"]
[Source "ChessBase"]
[SourceDate "2020.10.23"]
[SourceVersion "1"]
[SourceVersionDate "2020.10.23"]
[SourceQuality "1"]

1. e4 c5 2. Nf3 a6 3. c3 d5 4. exd5 Qxd5 5. d4 Bg4 6. Be2 e6 7. Be3 cxd4 8. cxd4 Nc6 9. Nc3 Qd6 10. h3 Bh5 11. Qb3 Qb4 12. O-O Qxb3 13. axb3 Nf6 14. g4 Bg6 15. Ne5 Rc8 16. Nxc6 Rxc6 17. Bf3 Rc7 18. g5 Nd5 19. Nxd5 exd5 20. Bf4 Rd7 21. Bg4 Rd6 22. Rfc1 h5 23. Bxd6 Bxd6 24. Rc8+ Ke7 25. Re1+ Be4 26. Rxh8 hxg4 27. hxg4 Kd7 28. Rxe4 dxe4 29. Rg8 g6 30. Kf1 Bf4 31. Ke2 Bxg5 32. f3 exf3+ 33. Kxf3 Bc1 34. Ke4 Bxb2 35. Rf8 f5+ 36. gxf5 gxf5+ 37. Rxf5 b5 38. Kd5 Ba3 39. Rf6 a5 40. Rb6 a4 41. Rb7+ Kc8 42. Rxb5 axb3 43. Rxb3 1-0

[Event "Titled Tuesday 2019.05.07"]
[Site "Chess.com INT"]
[Date "2019.05.07"]
[Round "4"]
[White "Golubka, Petro"]
[Black "Shagbazyan, Taron"]
[Result "1-0"]
[WhiteElo "2498"]
[BlackElo "2415"]
[WhiteFideId "-1"]
[BlackFideId "-1"]
[PlyCount "67"]
[GameId "1515679522914304"]
[EventDate "2019.05.07"]
[EventType "swiss (blitz)"]
[EventRounds "10"]
[EventCountry "NET"]
[SourceTitle "EXT 2021"]
[Source "ChessBase"]
[SourceDate "2020.10.23"]
[SourceVersion "1"]
[SourceVersionDate "2020.10.23"]
[SourceQuality "1"]

1. e4 e5 2. Nf3 Nc6 3. Bb5 a6 4. Ba4 Nf6 5. d3 b5 6. Bb3 Bc5 7. a4 Rb8 8. axb5 axb5 9. c3 O-O 10. O-O d5 11. exd5 Nxd5 12. Nbd2 Bg4 13. Ne4 Bb6 14. h3 Bh5 15. Re1 Re8 16. Bg5 Nde7 17. Ng3 Bg6 18. Nxe5 Nxe5 19. Rxe5 h6 20. Bh4 Qd6 21. Qe1 Kh7 22. Rxe7 f6 23. Rxe8 Rxe8 24. Qd2 c5 25. Bc2 b4 26. d4 cxd4 27. Bxg6+ Kxg6 28. Qd3+ Kf7 29. Nf5 Qd5 30. cxd4 h5 31. Bg3 Kg8 32. Rd1 b3 33. Ne3 Qf7 34. Nc4 1-0

[Event "Titled Tuesday 2019.05.07"]
[Site "Chess.com INT"]
[Date "2019.05.07"]
[Round "5"]
[White "Naroditsky, Daniel"]
[Black "Golubka, Petro"]
[Result "1-0"]
[WhiteElo "2610"]
[BlackElo "2498"]
[WhiteFideId "-1"]
[BlackFideId "-1"]
[PlyCount "87"]
[GameId "1515679523516416"]
[EventDate "2019.05.07"]
[EventType "swiss (blitz)"]
[EventRounds "10"]
[EventCountry "NET"]
[SourceTitle "EXT 2021"]
[Source "ChessBase"]
[SourceDate "2020.10.23"]
[SourceVersion "1"]
[SourceVersionDate "2020.10.23"]
[SourceQuality "1"]

1. d4 d5 2. Nc3 Nf6 3. Bf4 c6 4. e3 g6 5. h4 Bg7 6. Nf3 Bg4 7. Be2 Nbd7 8. Ne5 Bxe2 9. Qxe2 h5 10. f3 e6 11. g4 Ng8 12. Nxd7 Qxd7 13. O-O-O Ne7 14. e4 O-O-O 15. Na4 b6 16. Rd3 hxg4 17. Ra3 Qb7 18. fxg4 Bxd4 19. c3 Bg7 20. Nc5 bxc5 21. Rb3 c4 22. Rxb7 Kxb7 23. h5 dxe4 24. h6 Nd5 25. Qxe4 Bf6 26. g5 Be7 27. Bd2 Rd7 28. Qxc4 Nb6 29. Qf4 Bd6 30. Qf6 Rh7 31. Qg7 Rxg7 32. hxg7 Rd8 33. Rh8 Be5 34. Rxd8 Bxg7 35. Rg8 Be5 36. Rf8 f5 37. gxf6 Nd7 38. Rf7 Kc8 39. Bg5 c5 40. Kd2 c4 41. Ke3 a5 42. Ke4 Bd6 43. Rg7 Nf8 44. Kd4 1-0

[Event "Titled Tuesday 2019.05.07"]
[Site "Chess.com INT"]
[Date "2019.05.07"]
[Round "6"]
[White "Haznedaroglu, Kivanc"]
[Black "Golubka, Petro"]
[Result "0-1"]
[WhiteElo "2466"]
[BlackElo "2498"]
[WhiteFideId "-1"]
[BlackFideId "-1"]
[PlyCount "84"]
[GameId "1515679524196352"]
[EventDate "2019.05.07"]
[EventType "swiss (blitz)"]
[EventRounds "10"]
[EventCountry "NET"]
[SourceTitle "EXT 2021"]
[Source "ChessBase"]
[SourceDate "2020.10.23"]
[SourceVersion "1"]
[SourceVersionDate "2020.10.23"]
[SourceQuality "1"]

1. c4 e6 2. Nf3 d5 3. g3 Nf6 4. Bg2 Be7 5. O-O O-O 6. d4 b6 7. Nc3 Bb7 8. cxd5 exd5 9. Ne5 Na6 10. Bf4 c5 11. Rc1 Re8 12. h3 h6 13. g4 cxd4 14. Qxd4 Bc5 15. Qa4 Bd6 16. Nd3 Bxf4 17. Nxf4 Nc5 18. Qd4 Ne6 19. Nxe6 fxe6 20. f4 Qe7 21. e3 Rac8 22. Nb5 Rc5 23. Rxc5 bxc5 24. Qe5 Ba6 25. a4 Nd7 26. Qc7 Bxb5 27. axb5 Nb6 28. Qe5 Qd7 29. Rc1 Qxb5 30. f5 Nc4 31. Rxc4 dxc4 32. fxe6 Qb8 33. Qxc5 Qxb2 34. Qxc4 Qb1+ 35. Kh2 Qb8+ 36. Kg1 Qe5 37. Qc6 Qxe3+ 38. Kh2 Qe5+ 39. Kg1 Rb8 40. Be4 Rd8 41. Bf3 a5 42. Kf2 Kh8 0-1

[Event "Titled Tuesday 2019.05.07"]
[Site "Chess.com INT"]
[Date "2019.05.07"]
[Round "7"]
[White "Golubka, Petro"]
[Black "Niemann, Hans Moke"]
[Result "0-1"]
[WhiteElo "2498"]
[BlackElo "2460"]
[WhiteFideId "-1"]
[BlackFideId "-1"]
[PlyCount "134"]
[GameId "1515679524786176"]
[EventDate "2019.05.07"]
[EventType "swiss (blitz)"]
[EventRounds "10"]
[EventCountry "NET"]
[SourceTitle "EXT 2021"]
[Source "ChessBase"]
[SourceDate "2020.10.23"]
[SourceVersion "1"]
[SourceVersionDate "2020.10.23"]
[SourceQuality "1"]

1. e4 e6 2. d4 d5 3. Bd3 dxe4 4. Bxe4 Nf6 5. Bf3 c5 6. Ne2 Nc6 7. Be3 Nd5 8. Bxd5 Qxd5 9. Nbc3 Qxg2 10. Rg1 Qxh2 11. Bf4 Qh3 12. Nb5 f6 13. Nc7+ Kf7 14. Nxa8 cxd4 15. Nxd4 Bb4+ 16. c3 Rd8 17. Qf3 Qxf3 18. Nxf3 Bc5 19. b4 Be7 20. Nc7 e5 21. Be3 a6 22. Rd1 Rxd1+ 23. Kxd1 Bf5 24. Nd2 h5 25. Nd5 Bf8 26. f3 Be6 27. c4 Bxd5 28. cxd5 Nxb4 29. Ke2 Nxd5 30. Rh1 g6 31. Ne4 Be7 32. Bc5 Nf4+ 33. Kd2 g5 34. Bxe7 Kxe7 35. Nc5 b6 36. Nxa6 g4 37. fxg4 hxg4 38. Rh7+ Ke6 39. Nc7+ Kf5 40. Ne8 g3 41. Rg7 Nh5 42. Rg8 Kf4 43. Ke2 f5 44. a4 Ke4 45. Rg5 Nf4+ 46. Kf1 g2+ 47. Ke1 Kf3 48. Nd6 Nh3 49. Rxf5+ Ke3 50. Rf1 gxf1=Q+ 51. Kxf1 Kd4 52. Nc8 Kc5 53. Ke2 Ng5 54. Ke3 Nf7 55. Ne7 Nd6 56. Ng6 e4 57. Ne5 Kd5 58. Nd7 Nc4+ 59. Kf4 Kd4 60. Nf8 e3 61. Ne6+ Kd3 62. Kf3 Nd2+ 63. Kg4 Ke4 64. Nf4 Nb3 65. Ne2 Nc5 66. Nc3+ Kd3 67. Nd5 e2 0-1

[Event "Titled Tuesday 2019.05.07"]
[Site "Chess.com INT"]
[Date "2019.05.07"]
[Round "8"]
[White "Mezhlumyan, Vahram"]
[Black "Golubka, Petro"]
[Result "0-1"]
[WhiteElo "2208"]
[BlackElo "2498"]
[WhiteFideId "-1"]
[BlackFideId "-1"]
[PlyCount "94"]
[GameId "1515679525060608"]
[EventDate "2019.05.07"]
[EventType "swiss (blitz)"]
[EventRounds "10"]
[EventCountry "NET"]
[SourceTitle "EXT 2021"]
[Source "ChessBase"]
[SourceDate "2020.10.23"]
[SourceVersion "1"]
[SourceVersionDate "2020.10.23"]
[SourceQuality "1"]

1. d4 d5 2. c4 e6 3. Nc3 Be7 4. Nf3 Nf6 5. Bg5 O-O 6. e3 Nbd7 7. cxd5 Nxd5 8. Bxe7 Qxe7 9. Nxd5 exd5 10. Rc1 c6 11. Bd3 Nf6 12. Ne5 Nd7 13. Nxd7 Bxd7 14. O-O a5 15. Qc2 g6 16. Qc5 Qxc5 17. Rxc5 b6 18. Rc3 Rfe8 19. Rfc1 Kf8 20. b3 Ke7 21. a3 Kd6 22. g3 f5 23. Kg2 h6 24. h4 g5 25. hxg5 hxg5 26. Rh1 Rh8 27. Rcc1 c5 28. Rxh8 Rxh8 29. Rh1 Rxh1 30. Kxh1 b5 31. dxc5+ Kxc5 32. Kg2 d4 33. Kf3 b4 34. a4 Be6 35. Bc2 d3 36. Bxd3 Bxb3 37. Bxf5 Bxa4 38. Ke2 b3 39. Kd2 Kb4 40. f4 gxf4 41. exf4 Bb5 42. Be6 a4 43. f5 a3 44. f6 Be8 45. Kc1 b2+ 46. Kc2 Bg6+ 47. Bf5 Bxf5+ 0-1

[Event "Titled Tuesday 2019.05.07"]
[Site "Chess.com INT"]
[Date "2019.05.07"]
[Round "10"]
[White "Golubka, Petro"]
[Black "Tregubov, Pavel V"]
[Result "1-0"]
[WhiteElo "2498"]
[BlackElo "2586"]
[WhiteFideId "-1"]
[BlackFideId "-1"]
[PlyCount "141"]
[GameId "1515679526088704"]
[EventDate "2019.05.07"]
[EventType "swiss (blitz)"]
[EventRounds "10"]
[EventCountry "NET"]
[SourceTitle "EXT 2021"]
[Source "ChessBase"]
[SourceDate "2020.10.23"]
[SourceVersion "1"]
[SourceVersionDate "2020.10.23"]
[SourceQuality "1"]

1. e4 c5 2. Nf3 e6 3. d4 cxd4 4. Nxd4 Nc6 5. Nb5 d6 6. c4 Nf6 7. N1c3 a6 8. Na3 b6 9. Be2 Bb7 10. O-O Nb8 11. Be3 Nbd7 12. f3 Qc7 13. Qd2 Rc8 14. Rfc1 Qb8 15. Bf1 Be7 16. Na4 Bd8 17. Qf2 Bc6 18. Nc3 O-O 19. b4 Bc7 20. g3 Rfe8 21. b5 Bb7 22. bxa6 Bxa6 23. Nab5 Bd8 24. Rd1 Be7 25. Bf4 Ne5 26. Rd4 Rc6 27. Kg2 h6 28. Bxe5 dxe5 29. Rdd1 Bc5 30. Qb2 Rcc8 31. a4 Red8 32. Be2 Bd4 33. Rab1 Rc6 34. Qc2 Qa8 35. Rd2 Bc5 36. Rxd8+ Qxd8 37. Rd1 Qa8 38. Qd2 Rc8 39. Qb2 Rd8 40. Nc7 Qc8 41. Rxd8+ Qxd8 42. Nxa6 Bd4 43. Nb4 Qd6 44. Nc2 Bc5 45. Qc1 g5 46. Qd1 Qb8 47. Qd2 Kg7 48. Nb5 Kg6 49. Ne1 h5 50. Nd3 Be7 51. Qc3 Nd7 52. Bd1 f6 53. Bc2 Qd8 54. Qd2 Nc5 55. Qe2 Nb7 56. f4 gxf4 57. gxf4 Kh6 58. fxe5 fxe5 59. Kh1 Bf6 60. Qe3+ Kh7 61. Qe2 Kh6 62. Bd1 Qe8 63. Nc7 Qf7 64. Na8 Nd6 65. Nxb6 Qg6 66. Nf2 Bh4 67. Nd3 Nxe4 68. a5 Qg5 69. Qxh5+ Qxh5 70. Bxh5 Kxh5 71. a6 1-0

[Event "Metz op"]
[Site "Metz FRA"]
[Date "2019.04.08"]
[Round "1.8"]
[White "Cahen, Alexis"]
[Black "Golubka, Petro"]
[Result "0-1"]
[WhiteElo "2100"]
[BlackElo "2485"]
[WhiteFideId "-1"]
[BlackFideId "-1"]
[PlyCount "48"]
[GameId "2130307610300875"]
[EventDate "2019.04.08"]
[EventType "swiss"]
[EventRounds "9"]
[EventCountry "FRA"]
[SourceTitle "10 Days #576"]
[Source "ChessMix"]
[SourceDate "2019.04.20"]
[SourceVersion "1"]
[SourceVersionDate "2019.04.20"]
[SourceQuality "1"]
[WhiteTeam "Ecole Française d'Echecs de Metz"]

1. d4 Nf6 2. Nf3 g6 3. Bf4 Bg7 4. e3 d6 5. h3 O-O 6. c4 c5 7. Nc3 cxd4 8. exd4 d5 9. Be2 Nc6 10. O-O Be6 11. c5 Ne4 12. Rc1 Rc8 13. Qa4 f6 14. Rfd1 Nxc3 15. Rxc3 Bf7 16. Rb3 e5 17. Bh2 Qe7 18. Qb5 Rc7 19. Bf1 Re8 20. Re3 e4 21. Bxc7 Qxc7 22. Ne1 f5 23. Nc2 f4 24. Ree1 Be6 0-1

[Event "Metz op"]
[Site "Metz FRA"]
[Date "2019.04.08"]
[Round "2.5"]
[White "Golubka, Petro"]
[Black "Muller, Etienne"]
[Result "1-0"]
[WhiteElo "2485"]
[BlackElo "2166"]
[WhiteFideId "-1"]
[BlackFideId "-1"]
[PlyCount "49"]
[GameId "2130307610304985"]
[EventDate "2019.04.08"]
[EventType "swiss"]
[EventRounds "9"]
[EventCountry "FRA"]
[SourceTitle "10 Days #576"]
[Source "ChessMix"]
[SourceDate "2019.04.20"]
[SourceVersion "1"]
[SourceVersionDate "2019.04.20"]
[SourceQuality "1"]
[BlackTeam "Echec et Mat Forbach"]

1. e4 c5 2. Nf3 d6 3. d4 cxd4 4. Nxd4 Nf6 5. Nc3 g6 6. Be3 Bg7 7. f3 O-O 8. Qd2 Nc6 9. O-O-O d5 10. Qe1 e6 11. h4 Qc7 12. h5 Nxh5 13. Ndb5 Qg3 14. Bf2 Qf4+ 15. Kb1 a6 16. exd5 axb5 17. dxc6 Qb4 18. Rh4 Qa5 19. Bc5 bxc6 20. Bxf8 Bxf8 21. Rxh5 gxh5 22. Qg3+ Kh8 23. Qe5+ Bg7 24. Qc5 e5 25. b4 1-0

[Event "Metz op"]
[Site "Metz FRA"]
[Date "2019.04.08"]
[Round "3.1"]
[White "Chigaev, Maksim"]
[Black "Golubka, Petro"]
[Result "1/2-1/2"]
[WhiteElo "2634"]
[BlackElo "2485"]
[WhiteFideId "-1"]
[BlackFideId "-1"]
[PlyCount "79"]
[GameId "2130307610304999"]
[EventDate "2019.04.08"]
[EventType "swiss"]
[EventRounds "9"]
[EventCountry "FRA"]
[SourceTitle "10 Days #576"]
[Source "ChessMix"]
[SourceDate "2019.04.20"]
[SourceVersion "1"]
[SourceVersionDate "2019.04.20"]
[SourceQuality "1"]

1. e4 e5 2. Bc4 Nf6 3. d3 Nc6 4. Nf3 Be7 5. O-O O-O 6. a4 a6 7. Re1 h6 8. h3 Re8 9. c3 Bf8 10. Qb3 Qe7 11. a5 d6 12. Nbd2 Rb8 13. Nf1 Be6 14. Ne3 Bxc4 15. dxc4 Qd7 16. Nd5 Nxd5 17. cxd5 Ne7 18. c4 f5 19. exf5 Nxf5 20. Qd3 Be7 21. Bd2 Bf6 22. Re4 c6 23. Rd1 b5 24. axb6 Rxb6 25. dxc6 Qxc6 26. Bc3 a5 27. Nd2 a4 28. Rde1 Bg5 29. Nf3 Bf6 30. Rg4 h5 31. Rge4 g6 32. Nd4 Qd7 33. Ne2 Rb3 34. Nf4 Qf7 35. Nd5 a3 36. Qc2 Reb8 37. bxa3 Rxa3 38. Nxf6+ Qxf6 39. c5 Qf7 40. Ra4 1/2-1/2

[Event "Metz op"]
[Site "Metz FRA"]
[Date "2019.04.08"]
[Round "4.4"]
[White "Golubka, Petro"]
[Black "Palac, Mladen"]
[Result "1/2-1/2"]
[WhiteElo "2485"]
[BlackElo "2550"]
[WhiteFideId "-1"]
[BlackFideId "-1"]
[PlyCount "48"]
[GameId "2130307610305021"]
[EventDate "2019.04.08"]
[EventType "swiss"]
[EventRounds "9"]
[EventCountry "FRA"]
[SourceTitle "10 Days #576"]
[Source "ChessMix"]
[SourceDate "2019.04.20"]
[SourceVersion "1"]
[SourceVersionDate "2019.04.20"]
[SourceQuality "1"]
[BlackTeam "Nice Alekhine"]

1. e4 c5 2. Nf3 d6 3. d4 cxd4 4. Nxd4 Nf6 5. Nc3 a6 6. Bg5 Nc6 7. Qd2 e6 8. O-O-O Be7 9. f4 Bd7 10. f5 h6 11. Bh4 b5 12. fxe6 fxe6 13. Nxc6 Bxc6 14. Bd3 O-O 15. e5 dxe5 16. Bxf6 Rxf6 17. Qe2 Qc7 18. Ne4 Rf4 19. g3 Rf7 20. Qg4 Bd5 21. Kb1 Qa5 22. Nc3 Bxh1 23. Rxh1 Rc8 24. Qe4 Rf6 1/2-1/2

[Event "Metz op"]
[Site "Metz FRA"]
[Date "2019.04.08"]
[Round "5.4"]
[White "Solodovnichenko, Yuri"]
[Black "Golubka, Petro"]
[Result "1/2-1/2"]
[WhiteElo "2554"]
[BlackElo "2485"]
[WhiteFideId "-1"]
[BlackFideId "-1"]
[PlyCount "53"]
[GameId "2130307610305039"]
[EventDate "2019.04.08"]
[EventType "swiss"]
[EventRounds "9"]
[EventCountry "FRA"]
[SourceTitle "10 Days #576"]
[Source "ChessMix"]
[SourceDate "2019.04.20"]
[SourceVersion "1"]
[SourceVersionDate "2019.04.20"]
[SourceQuality "1"]
[WhiteTeam "Vandoeuvre-Echecs"]

1. e4 c5 2. Nf3 e6 3. d4 cxd4 4. Nxd4 Nc6 5. Nc3 a6 6. Be3 Nf6 7. f4 Bb4 8. Bd3 O-O 9. Qf3 d6 10. O-O e5 11. Nxc6 bxc6 12. h3 exf4 13. Qxf4 Nd7 14. Na4 Nc5 15. Nxc5 Bxc5 16. Bxc5 dxc5 17. Rad1 Qd4+ 18. Kh1 Qxb2 19. Bc4 Be6 20. Bxe6 fxe6 21. Qd6 Qxa2 22. Qxc5 Qa4 23. c4 h6 24. Kh2 a5 25. Kg1 Qb4 26. Rxf8+ Rxf8 27. Qxc6 1/2-1/2